Community-based food and nutrition programmes : (Record no. 20861)

000 -LEADER
fixed length control field 01224cam a2200265 a 4500
020 ## - INTERNATIONAL STANDARD BOOK NUMBER
ISBN 925105018X
040 ## - CATALOGING SOURCE
Transcribing agency FQG
082 ## - DEWEY DECIMAL CLASSIFICATION NUMBER
Classification number 363 ROM 2003 A042 Or.
245 00 - TITLE STATEMENT
Title Community-based food and nutrition programmes :
Remainder of title what makes them successful : a review and analysis of experience /
260 ## - PUBLICATION, DISTRIBUTION, ETC. (IMPRINT)
Place of publication Rome :
Name of publisher Food and Agriculture Organization of the United Nations,
Year of publication 2003.
300 ## - PHYSICAL DESCRIPTION
Number of Pages xvi, 281 p. ;
Dimensions 30 cm.
500 ## - GENERAL NOTE
General note Companion report to "Improving nutrition programmes: an assessment tool for action."
500 ## - GENERAL NOTE
General note "TC/M/Y5030E/1/11.03/1500"--P. [4] of cover.
520 ## - SUMMARY, ETC.
Summary, etc Nutritional status is the most important outcome indicator to measure progress against poverty and malnutrition. Nine case studies from Africa, Asia and Latin America and three desk reviews investigate best practices that may account for successful outcomes and programme sustainability.
650 #0 - SUBJECT ADDED ENTRY--TOPICAL TERM
Topical Term Food relief
650 #0 - SUBJECT ADDED ENTRY--TOPICAL TERM
Topical Term Food supply
650 #0 - SUBJECT ADDED ENTRY--TOPICAL TERM
Topical Term Nutrition surveys
650 #0 - SUBJECT ADDED ENTRY--TOPICAL TERM
Topical Term Agriculture and state
700 1# - ADDED ENTRY--PERSONAL NAME
Personal name Ismail, Suraiya Jabeen.
700 1# - ADDED ENTRY--PERSONAL NAME
Personal name Immink, Maarten D. C.
700 1# - ADDED ENTRY--PERSONAL NAME
Personal name Mazar, Irela.
700 1# - ADDED ENTRY--PERSONAL NAME
Personal name Nantel, Guy.
710 2# - ADDED ENTRY--CORPORATE NAME
Corporate name or jurisdiction name as entry element Food and Agriculture Organization of the United Nations.
942 ## - ADDED ENTRY ELEMENTS (KOHA)
Koha item type ADB
952 ## - LOCATION AND ITEM INFORMATION (KOHA)
Withdrawn status [LOCAL, KOHA] 0
Holdings
Permanent Location Date acquired Koha item type Lost status Shelving location Barcode Current Location Full call number
Library Block A2022-12-28ADB A042a069566Library Block A363 ROM 2003 A042 Or.
មជ្ឈមណ្ឌលឯការនៃសាកលវិទ្យាល័យភូមិន្ទកសិកម្មចំការដូង

Powered by Koha